| 000 | 00642 a2200205 4500 | ||
|---|---|---|---|
| 003 | OSt | ||
| 005 | 20180116182703.0 | ||
| 008 | 160427b xxu||||| |||| 00| 0 eng d | ||
| 020 | _a8186830316 | ||
| 020 | _a9788186830314 | ||
| 040 | _c0 | ||
| 100 | _aPentagon Press. | ||
| 245 | 0 | 0 | _aAbbreviations book. |
| 260 |
_a[S.l.] : _bPentagon Press, _c2007. |
||
| 300 |
_a100 p. ; _c20 cm. |
||
| 500 | _aPaperback. | ||
| 856 | 4 | 0 |
_3Amazon.com _uhttp://www.amazon.com/exec/obidos/ASIN/8186830316/chopaconline-20 |
| 856 | 4 | 0 |
_3Amazon customer reviews _uhttp://www.chopac.org/cgi-bin/tools/azrev.pl?q=8186830316 |
| 942 |
_aNBS _cBK _k413.131 PEN _2ddc |
||
| 999 |
_c344073 _d344073 |
||